Open Data Biblioteca Nacional de Portugal


República Portuguesa: Ministério da Cultura
Biblioteca Nacional de Portugal

Catálogo da BNP: acesso por Identificadores Unívocos
Registos Bibliográficos associados ao registo de autoridade

Etiqueta de registo: 00254nam 2200025 450
001 2286370
003 http://id.bnportugal.gov.pt/bib/catbnp/2286370
100 ## $a20260515d2026 k y0pory01030103ba
101 0# $apor$deng
102 ## $aPT
105 ## $ay m 001yy
106 ## $ar
200 1# $a A frente marítima portuguesa e os navios austro-alemães durante a Primeira Guerra Mundial (1914-1918)$fMiguel Castro Brandão$gorient. Cláudia Pinto Ribeiro, AugustoAlves Salgado
210 #9 $aPorto$c[s.n.],$d2025
215 ## $a862 p.$d30 cm
328 #1 $aTese dout. História, Faculdade de Letras da Universidade do Porto, 2025
675 ## $a94(469)"1914/1918"(043)$vBN$zpor$31446306
675 ## $a355.48(469)"1914/1918"(043)$vBN$zpor$31999424
700 #1 $aBrandão,$bMiguel Castro$31998522
702 #1 $aRibeiro,$bCláudia Pinto,$f1981-$4727$31453561
702 #1 $aSalgado,$bAugusto Alves$4727$31879162
801 #0 $aPT$bBN$gRPC
966 ## $lBN$mFGMON$sH.G. 89197 V.$x1
971 ## $cisantos$d20260515
973 ## $ctrodrigues$d20260527

OpendataBNP@bnportugal.pt | Mais informação sobre acesso aos dados BNP